International preparatory meeting of the area of natural resources and the quality of life

Shranjeno v:
Bibliografske podrobnosti
Korporativna značnica: University for Peace
Format: Texto
Izdano: San José
Oznake: Označite
Brez oznak, prvi označite!

MARC

LEADER 00000 a a2200000 04500
001 20399
003
040
090 |a 085200  
110 |a University for Peace  
245 |a International preparatory meeting of the area of natural resources and the quality of life  
260 |a San José  
300 |a 48 p.  
999 |c 5242  |d 5242